| Tag |
First Indicator |
Second Indicator |
Subfields |
| LEADER |
00000cam a2200000La 4500 |
| 001 |
in00001582012 |
| 005 |
20220103182812.0 |
| 006 |
m u |
| 007 |
cr cn- |
| 008 |
001008s1994 coua sb 001 0 eng d |
| 010 |
|
|
|z 93027295
|
| 020 |
|
|
|a 0585105375 (electronic bk.)
|
| 020 |
|
|
|z 0872879399
|
| 020 |
|
|
|z 0872879666
|
| 035 |
|
|
|a (OCoLC)ocm42922743
|
| 040 |
|
|
|a N$T
|c N$T
|d OCL
|d UtOrBLW
|
| 043 |
|
|
|a n-us---
|
| 049 |
|
|
|a IKMN
|
| 050 |
1 |
4 |
|a Z731
|b .E87 1994eb
|
| 082 |
0 |
4 |
|a 025/.02
|2 20
|
| 100 |
1 |
|
|a Evans, G. Edward,
|d 1937-
|0 http://id.loc.gov/authorities/names/n78091996
|
| 245 |
1 |
0 |
|a Introduction to technical services /
|c G. Edward Evans, Sandra M. Heft.
|
| 250 |
|
|
|a 6th ed.
|
| 264 |
|
1 |
|a Englewood, Colo. :
|b Libraries Unlimited,
|c 1994.
|
| 300 |
|
|
|a xxi, 534 pages :
|b illustrations ;
|c 25 cm.
|
| 336 |
|
|
|a text
|b txt
|2 rdacontent
|
| 337 |
|
|
|a computer
|b c
|2 rdamedia
|
| 338 |
|
|
|a online resource
|b cr
|2 rdacarrier
|
| 490 |
1 |
|
|a Library science text series
|
| 500 |
|
|
|a Revised edition of: Introduction to technical services for library technicians / Marty Bloomberg, G. Edward Evans. 5th edition 1985.
|
| 504 |
|
|
|a Includes bibliographical references (pages 505-519) and index.
|
| 533 |
|
|
|a Electronic reproduction.
|b Boulder, Colo. :
|c NetLibrary,
|d 1999.
|n Available via the World Wide Web.
|n Available in multiple electronic file formats.
|n Access may be limited to NetLibrary affiliated libraries.
|
| 500 |
|
|
|a Electronic resource.
|
| 650 |
|
0 |
|a Technical services (Libraries)
|z United States.
|
| 655 |
|
7 |
|a Electronic books.
|2 local
|
| 700 |
1 |
|
|a Heft, Sandra M.
|0 http://id.loc.gov/authorities/names/n93072749
|
| 700 |
1 |
|
|a Bloomberg, Marty.
|t Introduction to technical services for library technicians.
|
| 710 |
2 |
|
|a NetLibrary, Inc.
|0 http://id.loc.gov/authorities/names/no99080690
|
| 776 |
1 |
|
|c Original
|w (DLC) 93027295
|w (OCoLC)28853086
|
| 830 |
|
0 |
|a Library science text series.
|0 http://id.loc.gov/authorities/names/n42015345
|
| 856 |
4 |
1 |
|u https://proxy.library.tamu.edu/login?url=http://www.netlibrary.com/urlapi.asp?action=summary&v=1&bookid=11189
|z Connect to the full text of this electronic book
|t 0
|
| 994 |
|
|
|a 92
|b IKM
|
| 999 |
|
|
|a MARS
|
| 999 |
f |
f |
|s 6af8cad6-cb84-3fba-a15c-61ae1505fd7c
|i fedd46d9-0272-3479-8eeb-96423df3f041
|t 0
|
| 952 |
f |
f |
|a Texas A&M University
|b College Station
|c Electronic Resources
|d Available Online
|t 0
|e Z731 .E87 1994eb
|h Library of Congress classification
|
| 998 |
f |
f |
|a Z731 .E87 1994eb
|t 0
|l Available Online
|